000 00712nam a2200253Ia 4500
003 OSt
005 20221007100421.0
006 a|||||r|||| 00| 0
007 ta
008 221006b |||||||| |||| 00| 0 eng d
024 _a4,376
037 _cTextual
040 _aLCO
_cLCO
_beng
041 _2eng
_aeng
082 _aX65, L8
100 _aReynolds Paul D.
245 0 _aInternational Commodity Agreements and the Common Fund
260 _aNew
_bYork Praeger Publishers Praeger Special Studies U.S.A.
_c1978
300 _a233
500 _aA Legal and Financial Analysis
650 _aCOMMON FUND
_9701639
942 _hX65, L8
_cTEXL
999 _c1173939
_d1173939